BIBLIOTECA PODER JUDICIAL
Portal Judicial TDF

El acceso a la justicia en grupos vulnerables : (Registro nro. 6132)

000 -LEADER
fixed length control field 00915nabaa22002057a 4500
003 - CONTROL NUMBER IDENTIFIER
control field OSt
005 - DATE AND TIME OF LATEST TRANSACTION
control field 20260122222112.0
008 - FIXED-LENGTH DATA ELEMENTS--GENERAL INFORMATION
fixed length control field 190701b xxu||||| |||| 00| 0 spa d
040 ## - CATALOGING SOURCE
Transcribing agency PJ
100 ## - MAIN ENTRY--PERSONAL NAME
9 (RLIN) 6892
Personal name Copelli, María Victoria
245 10 - TITLE STATEMENT
Title El acceso a la justicia en grupos vulnerables :
Remainder of title migrantes y personas en situación de movilidad /
Statement of responsibility, etc María Victoria Copelli.
300 ## - PHYSICAL DESCRIPTION
Extent p. 226-232
505 ## - FORMATTED CONTENTS NOTE
Formatted contents note Sumario: I. Introducción.— II. El problema del acceso a la justicia.—III. Trámite migratorio.— IV. Palabras finales.
505 ## - FORMATTED CONTENTS NOTE
Title ¿Te interesa el texto completo? Comunicate al correo: koha@justierradelfuego.gov.ar
650 #0 - SUBJECT ADDED ENTRY--TOPICAL TERM
9 (RLIN) 211
Topical term or geographic name as entry element DERECHO ADMINISTRATIVO
650 #0 - SUBJECT ADDED ENTRY--TOPICAL TERM
9 (RLIN) 4478
Topical term or geographic name as entry element MIGRACIONES
650 #0 - SUBJECT ADDED ENTRY--TOPICAL TERM
9 (RLIN) 4695
Topical term or geographic name as entry element SITUACIÓN DE VULNERABILIDAD
773 0# - HOST ITEM ENTRY
Host Biblionumber 2842
Host Itemnumber 3251
Place, publisher, and date of publication Buenos Aires : AbeledoPerrot, 2012-
Other item identifier DA121
Title Derecho administrativo. Nº 148 julio/agosto 2023
International Standard Book Number 18510590
942 ## - ADDED ENTRY ELEMENTS (KOHA)
Source of classification or shelving scheme
Koha item type Analítica Artículo de Revista

No hay ítems disponibles.

12 de Octubre 789 Ushuaia - Tel:  54(02901)441571
Horario de Atención: 8.00 a 17.00 hs. 
bibliotecaush@justierradelfuego.gov.ar
koha@justierradelfuego.gov.ar
Seguinos en nuestras redes @bibliojustdf 

Con tecnología Koha